000 00324nab a22001097u 4500
008 130520b2011 xxu||||| |||| 00| 0 spa d
041 _aspa
100 1 _aSesboüé, Bernard
_93462
245 0 0 _aEl Espíritu en la Iglesia
_cBernard Sesboüé
773 0 _tConcilium
_gnº342,2011,págs. 77-86
_x0210-1041
_wRev134
942 _cAR
999 _c418018
_d418018